[Event "PRO League Group Stage"]
[Site "chess.com INT"]
[Date "2020.01.23"]
[Round "3"]
[White "Blomqvist, Erik"]
[Black "Bacrot, Etienne"]
[Result "1/2-1/2"]
[WhiteTitle "GM"]
[BlackTitle "GM"]
[WhiteElo "2539"]
[BlackElo "2679"]
[WhiteTeam "Sweden Wasabis"]
[BlackTeam "France Roosters"]
[WhiteFideId "1709437"]
[BlackFideId "605506"]
[EventDate "2020.01.06"]

1. e4 e5 2. Nf3 Nc6 3. Bb5 a6 4. Ba4 Nf6 5. O-O Be7 6. d3 b5 7. Bb3 d6 8. Bd2
O-O 9. h3 Be6 10. Nc3 Qd7 11. Nd5 Rae8 12. a4 Bd8 13. axb5 axb5 14. Nxf6+ Bxf6
15. Bxe6 Rxe6 16. Re1 d5 17. Be3 h6 18. Qb1 dxe4 19. dxe4 Nd4 20. Qd1 Nxf3+ 21.
Qxf3 Qc6 22. c3 Rd8 23. Red1 Red6 24. Rxd6 Rxd6 25. Qg4 Kh7 26. h4 Qd7 27. Qxd7
Rxd7 28. g3 Be7 29. Kf1 Kg6 30. Ke2 Kf6 31. Ra6+ Bd6 32. h5 Ke7 33. b3 Rd8 34.
c4 bxc4 35. bxc4 Kd7 36. c5 Be7 37. Kf3 Rb8 38. Kg4 Rb5 39. c6+ Ke6 40. Ra8 Rb4
41. Rg8 Kf6 42. Rc8 Bd6 43. Kf3 Rc4 44. Ra8 Rxc6 45. Ra5 Rc4 46. Rd5 Ke6 47. Rb5
Rc3 48. Ra5 Rc4 49. g4 Rc2 50. Rb5 Rc4 51. Ra5 Be7 52. Ra6+ c6 53. Ra8 Bg5 54.
Bxg5 hxg5 55. Rg8 Kf6 56. Rd8 Rd4 57. Rc8 Rc4 58. Rc7 Rc2 59. Rc8 Ke7 60. Rg8
Kf6 61. Rc8 Rc1 62. Rc7 Ke6 63. Rc8 Kf6 64. Rc7 Rc4 65. Rc8 Rc3+ 66. Kg2 Rc2 67.
Kf3 1/2-1/2

[Event "PRO League Group Stage"]
[Site "chess.com INT"]
[Date "2020.01.23"]
[Round "3"]
[White "Amin, Bassem"]
[Black "Bauer, Christian"]
[Result "0-1"]
[WhiteTitle "GM"]
[BlackTitle "GM"]
[WhiteElo "2673"]
[BlackElo "2625"]
[WhiteTeam "Sweden Wasabis"]
[BlackTeam "France Roosters"]
[WhiteFideId "10601457"]
[BlackFideId "603767"]
[EventDate "2020.01.06"]

1. e4 e6 2. d3 d5 3. Nd2 Nf6 4. Ngf3 Bc5 5. c3 dxe4 6. Nxe4 Nxe4 7. Qa4+ Bd7 8.
Qxe4 Bc6 9. Qe5 Bf8 10. Be2 Nd7 11. Qg3 h5 12. Bg5 Bd6 13. Qh3 Be7 14. Bf4 g5
15. Be5 g4 16. Qg3 gxf3 17. Bxh8 fxe2 18. Kxe2 Bd6 19. Qg8+ Nf8 20. h4 Qe7 21.
Qg5 Qxg5 22. hxg5 Ng6 23. Bf6 Bxg2 24. Rhg1 Nf4+ 25. Kd2 Kd7 26. g6 fxg6 27.
Rae1 Bh3 28. c4 Bf5 29. Re3 Rf8 30. Bh4 Nh3 0-1

[Event "PRO League Group Stage"]
[Site "chess.com INT"]
[Date "2020.01.23"]
[Round "3"]
[White "Grandelius, Nils"]
[Black "Gozzoli, Yannick"]
[Result "0-1"]
[WhiteTitle "GM"]
[BlackTitle "GM"]
[WhiteElo "2673"]
[BlackElo "2604"]
[WhiteTeam "Sweden Wasabis"]
[BlackTeam "France Roosters"]
[WhiteFideId "1710400"]
[BlackFideId "616915"]
[EventDate "2020.01.06"]

1. Nf3 d5 2. g3 c6 3. Bg2 Bg4 4. h3 Bh5 5. O-O e6 6. d4 Nd7 7. c4 Ngf6 8. cxd5
exd5 9. Qb3 Qb6 10. Qe3+ Be7 11. Nh4 Bg6 12. Nc3 Kf8 13. Nxg6+ hxg6 14. Qd3 Kg8
15. e4 dxe4 16. Nxe4 Rd8 17. Nc3 Nf8 18. Be3 Nd5 19. Nxd5 cxd5 20. Qb3 Qxb3 21.
axb3 Ne6 22. Rxa7 Rd7 23. Rfa1 Kh7 24. R1a5 Rhd8 25. Rb5 Bf6 26. Rbxb7 Rxb7 27.
Rxb7 Nxd4 28. Rxf7 Nf5 29. Bd2 Bxb2 30. Ba5 Rd6 31. Bc7 Re6 32. Bxd5 Re1+ 33.
Kg2 Bd4 34. Bc4 Rb1 35. g4 Nh4+ 36. Kg3 Rg1+ 37. Kxh4 Bf6+ 38. Rxf6 gxf6 39. Bg3
g5+ 40. Kh5 Rh1 41. h4 Kg7 42. Bd5 Rd1 43. Bg2 Rd8 44. hxg5 Rh8# 0-1

[Event "PRO League Group Stage"]
[Site "chess.com INT"]
[Date "2020.01.23"]
[Round "3"]
[White "Bacrot, Etienne"]
[Black "Berg, Emanuel"]
[Result "1/2-1/2"]
[WhiteTitle "GM"]
[BlackTitle "GM"]
[WhiteElo "2679"]
[BlackElo "2544"]
[WhiteTeam "France Roosters"]
[BlackTeam "Sweden Wasabis"]
[WhiteFideId "605506"]
[BlackFideId "1704060"]
[EventDate "2020.01.06"]

1. d4 Nf6 2. Bf4 e6 3. e3 d5 4. Nf3 Bd6 5. Nbd2 O-O 6. Bd3 c5 7. c3 Nc6 8. Ne5
Qc7 9. Ndf3 cxd4 10. exd4 Ne4 11. Bg3 f6 12. Nxc6 Qxc6 13. Qc2 Bd7 14. Bxd6 Qxd6
15. Bxe4 dxe4 16. Qxe4 Bc6 17. Qe3 e5 18. O-O Bxf3 19. Qxf3 exd4 20. Rfd1 Qb6
21. cxd4 Qxb2 22. Qd5+ Kh8 23. Rab1 Qe2 24. Qxb7 Qxa2 25. d5 a5 26. d6 Qe6 27.
d7 Rad8 28. Rb6 Rxd7 29. Rxe6 Rxb7 30. Ra6 Rb5 31. g3 h5 32. Ra1 Kh7 1/2-1/2

[Event "PRO League Group Stage"]
[Site "chess.com INT"]
[Date "2020.01.23"]
[Round "3"]
[White "Edouard, Romain"]
[Black "Blomqvist, Erik"]
[Result "1-0"]
[WhiteTitle "GM"]
[BlackTitle "GM"]
[WhiteElo "2640"]
[BlackElo "2539"]
[WhiteTeam "France Roosters"]
[BlackTeam "Sweden Wasabis"]
[WhiteFideId "633429"]
[BlackFideId "1709437"]
[EventDate "2020.01.06"]

1. c4 e6 2. d4 Nf6 3. Nc3 Bb4 4. Bd2 O-O 5. e3 b6 6. Bd3 Bb7 7. Nge2 Re8 8. e4
d6 9. f3 e5 10. a3 Bxc3 11. Bxc3 exd4 12. Bxd4 Nc6 13. Bc3 a5 14. b3 Nd7 15. O-O
Qe7 16. Ng3 f6 17. Nf5 Qf7 18. Ne3 Nc5 19. Bc2 Ne5 20. Nd5 Bc6 21. b4 axb4 22.
axb4 Rxa1 23. Bxa1 Ne6 24. Bb3 Nd7 25. f4 Kf8 26. Nxc7 Nxc7 27. Qxd6+ Qe7 28.
Qxc6 Qxb4 29. Qxc7 Nc5 30. Bd1 Nxe4 31. Bh5 g6 32. Bf3 Nd2 33. Bxf6 1-0

[Event "PRO League Group Stage"]
[Site "chess.com INT"]
[Date "2020.01.23"]
[Round "3"]
[White "Edouard, Romain"]
[Black "Amin, Bassem"]
[Result "1-0"]
[WhiteTitle "GM"]
[BlackTitle "GM"]
[WhiteElo "2640"]
[BlackElo "2673"]
[WhiteTeam "France Roosters"]
[BlackTeam "Sweden Wasabis"]
[WhiteFideId "633429"]
[BlackFideId "10601457"]
[EventDate "2020.01.06"]

1. d4 Nf6 2. c4 g6 3. Nc3 Bg7 4. e4 d6 5. f3 O-O 6. Be3 c5 7. Nge2 Nc6 8. d5 Ne5
9. Ng3 e6 10. Be2 exd5 11. cxd5 a6 12. a4 h5 13. O-O Bd7 14. h3 b5 15. f4 Nc4
16. Bxc4 bxc4 17. e5 Ne8 18. Nge4 Rb8 19. Qe2 Bf5 20. Rad1 h4 21. Bf2 Rb4 22.
Qe1 Rxb2 23. Bxh4 Qd7 24. Bf6 Nxf6 25. exf6 Bh8 26. Qh4 Bxe4 27. Nxe4 Re8 28.
Rde1 c3 29. f5 Qxa4 30. fxg6 1-0

[Event "PRO League Group Stage"]
[Site "chess.com INT"]
[Date "2020.01.23"]
[Round "3"]
[White "Bacrot, Etienne"]
[Black "Grandelius, Nils"]
[Result "1-0"]
[WhiteTitle "GM"]
[BlackTitle "GM"]
[WhiteElo "2679"]
[BlackElo "2673"]
[WhiteTeam "France Roosters"]
[BlackTeam "Sweden Wasabis"]
[WhiteFideId "605506"]
[BlackFideId "1710400"]
[EventDate "2020.01.06"]

1. e4 e5 2. Nf3 Nc6 3. Bb5 a6 4. Ba4 Nf6 5. O-O Bc5 6. c3 b5 7. Bc2 d6 8. d4 Bb6
9. h3 h6 10. Be3 O-O 11. Nbd2 Re8 12. Re1 Bb7 13. a3 exd4 14. cxd4 Na5 15. d5 c6
16. b4 Nc4 17. Nxc4 bxc4 18. dxc6 Bxc6 19. Bxb6 Qxb6 20. Qxd6 Qb7 21. Qd4 Bxe4
22. Bxe4 Rxe4 23. Rxe4 Qxe4 24. Rc1 Rc8 25. Qxe4 Nxe4 26. Kf1 f5 27. Nd4 g6 28.
Ne6 Re8 29. Nc7 Nd2+ 30. Kg1 Nb3 31. Nxe8 Nxc1 32. Kf1 c3 33. Ke1 Nd3+ 34. Kd1
Nxf2+ 35. Kc2 f4 36. Nc7 g5 37. Nxa6 Nxh3 38. b5 Ng1 39. b6 Ne2 40. b7 Nd4+ 41.
Kxc3 Nc6 42. Kd3 Kf7 43. b8=Q Nxb8 44. Nxb8 Ke6 45. Nc6 h5 46. Ke4 h4 47. Nd4+
Kd6 48. Nf5+ Ke6 49. Nxh4 gxh4 50. Kxf4 1-0

[Event "PRO League Group Stage"]
[Site "chess.com INT"]
[Date "2020.01.23"]
[Round "3"]
[White "Berg, Emanuel"]
[Black "Gozzoli, Yannick"]
[Result "1/2-1/2"]
[WhiteTitle "GM"]
[BlackTitle "GM"]
[WhiteElo "2544"]
[BlackElo "2604"]
[WhiteTeam "Sweden Wasabis"]
[BlackTeam "France Roosters"]
[WhiteFideId "1704060"]
[BlackFideId "616915"]
[EventDate "2020.01.06"]

1. e4 e5 2. Nf3 Nc6 3. d4 exd4 4. Nxd4 Bc5 5. Be3 Qf6 6. c3 Nge7 7. Bc4 b6 8.
O-O Bb7 9. Nxc6 Qxc6 10. Bxc5 Qxc5 11. Nd2 O-O 12. Qg4 Rad8 13. Rad1 d5 1/2-1/2

[Event "PRO League Group Stage"]
[Site "chess.com INT"]
[Date "2020.01.23"]
[Round "3"]
[White "Blomqvist, Erik"]
[Black "Bauer, Christian"]
[Result "1-0"]
[WhiteTitle "GM"]
[BlackTitle "GM"]
[WhiteElo "2539"]
[BlackElo "2625"]
[WhiteTeam "Sweden Wasabis"]
[BlackTeam "France Roosters"]
[WhiteFideId "1709437"]
[BlackFideId "603767"]
[EventDate "2020.01.06"]

1. e4 Nc6 2. d4 e5 3. d5 Nce7 4. f3 Ng6 5. Be3 b6 6. Qd2 Bc5 7. Nh3 N8e7 8. Nf2
Bxe3 9. Qxe3 f5 10. Nc3 O-O 11. O-O-O d6 12. h4 f4 13. Qd2 a6 14. h5 Nh8 15. Ne2
Nf7 16. g3 fxg3 17. Nxg3 Nh6 18. Qe3 Qe8 19. Bh3 Qf7 20. Rd3 Qf4 21. Qxf4 Rxf4
22. Rc3 Nf7 23. Rxc7 Kf8 24. Bg2 Ng5 25. Nd3 Rf7 26. Rf1 Bh3 27. Bxh3 Nxh3 28.
Kd2 Re8 29. Rb7 b5 30. Rb6 Rf6 31. Rxa6 Rb8 32. a3 Nc8 33. Rc6 Ke8 34. Nf5 g6
35. hxg6 hxg6 36. Ng7+ Kf7 37. Ne6 Ne7 38. Rxd6 1-0

[Event "PRO League Group Stage"]
[Site "chess.com INT"]
[Date "2020.01.23"]
[Round "3"]
[White "Amin, Bassem"]
[Black "Bacrot, Etienne"]
[Result "0-1"]
[WhiteTitle "GM"]
[BlackTitle "GM"]
[WhiteElo "2673"]
[BlackElo "2679"]
[WhiteTeam "Sweden Wasabis"]
[BlackTeam "France Roosters"]
[WhiteFideId "10601457"]
[BlackFideId "605506"]
[EventDate "2020.01.06"]

1. f4 d5 2. Nf3 g6 3. e3 Bg7 4. Be2 Nf6 5. O-O O-O 6. d3 b5 7. Qe1 Bb7 8. Nc3 b4
9. Nd1 c5 10. Qh4 Nc6 11. Nf2 Nd7 12. e4 dxe4 13. dxe4 e5 14. Qg3 exf4 15. Bxf4
Nd4 16. Nxd4 cxd4 17. Bc7 Qe8 18. Bb5 Qe6 19. Nd3 Nf6 20. Nc5 Nxe4 21. Nxe6 Nxg3
22. Nxf8 Nxf1 23. Rxf1 Rxf8 24. Bc4 Be4 25. Bd6 Rc8 26. Bxf7+ Kh8 27. Bxb4 Rxc2
28. Re1 Rxg2+ 29. Kf1 Rg4 30. Bd6 d3 31. Bg3 Bxb2 32. Be6 Bf5 33. Bb3 Re4 34.
Rb1 Bd4 35. Kg2 d2 36. Rd1 Bc3 37. Kf2 Bg4 0-1

[Event "PRO League Group Stage"]
[Site "chess.com INT"]
[Date "2020.01.23"]
[Round "3"]
[White "Grandelius, Nils"]
[Black "Edouard, Romain"]
[Result "1/2-1/2"]
[WhiteTitle "GM"]
[BlackTitle "GM"]
[WhiteElo "2673"]
[BlackElo "2640"]
[WhiteTeam "Sweden Wasabis"]
[BlackTeam "France Roosters"]
[WhiteFideId "1710400"]
[BlackFideId "633429"]
[EventDate "2020.01.06"]

1. Nf3 c5 2. c4 Nc6 3. d4 cxd4 4. Nxd4 Nf6 5. Nc3 e6 6. g3 Qb6 7. Ndb5 Ne5 8.
Bg2 a6 9. Qa4 Rb8 10. Na3 Be7 11. O-O O-O 12. Bf4 d6 13. Qb3 Qa7 14. c5 Nfd7 15.
cxd6 Bxd6 16. Rad1 Bc7 17. Nc4 b5 18. Nd6 Nc5 19. Qb4 Nc4 20. Nxc4 bxc4 21. Qxc4
Bxf4 22. Qxf4 Rxb2 23. Qd4 Qb6 24. Rb1 Nd7 25. Qxb6 Rxb6 26. Na4 Rxb1 27. Rxb1
Rd8 28. f4 Kf8 29. Kf2 Ke7 30. Bf3 e5 31. Nb6 Nxb6 32. Rxb6 exf4 33. gxf4 Rd6
34. Rb4 Bd7 1/2-1/2

[Event "PRO League Group Stage"]
[Site "chess.com INT"]
[Date "2020.01.23"]
[Round "3"]
[White "Bauer, Christian"]
[Black "Berg, Emanuel"]
[Result "1-0"]
[WhiteTitle "GM"]
[BlackTitle "GM"]
[WhiteElo "2625"]
[BlackElo "2544"]
[WhiteTeam "France Roosters"]
[BlackTeam "Sweden Wasabis"]
[WhiteFideId "603767"]
[BlackFideId "1704060"]
[EventDate "2020.01.06"]

1. d4 Nf6 2. Bf4 e6 3. e3 d5 4. Nd2 Bd6 5. Bg3 c5 6. dxc5 Bxc5 7. Ngf3 Nc6 8.
Bd3 O-O 9. a3 Bd6 10. c4 h6 11. cxd5 Bxg3 12. hxg3 Qxd5 13. Bc4 Qd6 14. Nb3 Rd8
15. O-O Qxd1 16. Rfxd1 Rxd1+ 17. Rxd1 Kf8 18. Bb5 Ke7 19. Bxc6 bxc6 20. Ne5 Bd7
21. Na5 Rc8 22. Nb7 Be8 23. b4 Ne4 24. Rd4 Nc3 25. Rc4 Nb5 26. a4 Nd6 27. Nxd6
Kxd6 28. Rc5 Rb8 29. Nc4+ Ke7 30. Ra5 Rb7 31. e4 Bd7 32. Ne5 f6 33. Nd3 e5 34.
Nc5 Rc7 35. f4 exf4 36. gxf4 g5 37. f5 Kd6 38. Kf2 h5 39. Ke3 Bc8 40. e5+ fxe5
41. Ne4+ Ke7 42. Rxe5+ Kf7 43. Nxg5+ Kf6 44. Kf4 Rb7 45. Ne4+ Kg7 46. Re8 Bd7
47. Re7+ Kf8 48. f6 Bc8 49. Nd6 Rxb4+ 50. Ke5 1-0

[Event "PRO League Group Stage"]
[Site "chess.com INT"]
[Date "2020.01.23"]
[Round "3"]
[White "Gozzoli, Yannick"]
[Black "Blomqvist, Erik"]
[Result "0-1"]
[WhiteTitle "GM"]
[BlackTitle "GM"]
[WhiteElo "2604"]
[BlackElo "2539"]
[WhiteTeam "France Roosters"]
[BlackTeam "Sweden Wasabis"]
[WhiteFideId "616915"]
[BlackFideId "1709437"]
[EventDate "2020.01.06"]

1. d4 Nf6 2. Nf3 e6 3. c4 Bb4+ 4. Nbd2 O-O 5. a3 Be7 6. e4 d6 7. Be2 Nfd7 8. b4
e5 9. Nb3 exd4 10. Nfxd4 Bf6 11. Rb1 Re8 12. f3 b6 13. O-O a5 14. Bb2 axb4 15.
axb4 Bb7 16. Qd2 Ra2 17. Nb5 Be5 18. Nc3 Ra8 19. Bd3 Nc6 20. f4 Bf6 21. Nd5 Bxb2
22. Qxb2 Nf6 23. Nd2 h6 24. Rbe1 Nb8 25. Nxf6+ Qxf6 26. Qxf6 gxf6 27. Ra1 Nc6
28. Rxa8 Rxa8 29. b5 Nd4 30. Nf3 Ne6 31. Bb1 Ra4 32. Nd2 Rb4 33. g3 Rb2 34. Rd1
Nc5 35. Kf1 Na4 36. Bd3 Nc5 37. Bb1 Kg7 38. Ke1 Bc8 39. Rc1 Bg4 40. Rc2 Rb4 41.
Ra2 Be6 42. Rc2 Nxe4 43. Nxe4 Rxb1+ 44. Kf2 Bf5 45. Re2 Rc1 46. Nd2 Kf8 47. Ke3
Rc3+ 48. Kf2 Rc2 49. Ke3 Bg4 50. Rf2 Be6 51. Kd4 f5 52. Kd3 Ra2 53. Re2 Ke7 54.
Kc3 Kd7 55. Re3 d5 56. cxd5 Bxd5 57. Rd3 Ke6 58. Re3+ Kd6 59. Re5 Be6 60. Kd3 f6
61. Re1 Bd5 62. Re8 Rb2 63. Rd8+ Ke6 64. Re8+ Kd7 65. Rf8 Rxb5 66. Rxf6 h5 67.
Kd4 Be6 68. Nf3 c5+ 69. Ke3 Rb3+ 70. Kf2 b5 71. Rh6 c4 72. Nd4 Bd5 73. Nxf5 Kc7
74. Ne3 Be4 75. Re6 Rb2+ 76. Ke1 Bf3 77. f5 c3 78. f6 Re2+ 79. Kf1 c2 80. Re7+
Kd6 81. Nxc2 Rxc2 82. Re3 Bd5 83. Rd3 Rc7 0-1

[Event "PRO League Group Stage"]
[Site "chess.com INT"]
[Date "2020.01.27"]
[Round "4"]
[White "Bruzon Batista, Lazaro"]
[Black "Fedoseev, Vladimir3"]
[Result "0-1"]
[WhiteTitle "GM"]
[BlackTitle "GM"]
[WhiteElo "2640"]
[BlackElo "2671"]
[WhiteTeam "Chicago Wind"]
[BlackTeam "New York Marshalls"]
[WhiteFideId "3503739"]
[BlackFideId "24130737"]
[EventDate "2020.01.06"]

1. d4 Nf6 2. Nf3 g6 3. Bg5 Bg7 4. Nbd2 d5 5. e3 O-O 6. Be2 c5 7. c3 b6 8. O-O
Ba6 9. Bxa6 Nxa6 10. Qa4 Qc8 11. Ne5 Qb7 12. Bxf6 exf6 13. Nef3 Rfc8 14. Rab1 b5
15. Qc2 f5 16. dxc5 Nxc5 17. Nb3 b4 18. cxb4 Qxb4 19. Rfc1 Bf8 20. Nbd4 Qb7 21.
g3 a5 22. Qe2 Ne4 23. Qb5 Qxb5 24. Nxb5 Rxc1+ 25. Rxc1 Rb8 26. a4 Nc5 27. Ra1
Bg7 28. Nfd4 Bxd4 29. exd4 Nxa4 30. Nc7 Nxb2 31. Rxa5 Nd3 32. Ra3 Rb1+ 33. Kg2
Ne1+ 34. Kh3 Rd1 35. Nxd5 Rxd4 36. Nf4 g5 37. Re3 g4+ 38. Kh4 Nf3+ 39. Kh5 Kg7
40. h4 Rd6 41. Rxf3 gxf3 42. Kg5 Rd2 43. Nh3 Rd5 44. Kf4 h6 45. Kxf3 Kf6 46. Nf4
Ra5 47. Nh5+ Ke5 48. Nf4 Ra3+ 49. Kg2 Rb3 50. Nh5 Rb4 51. Kf3 Re4 52. Nf4 Rxf4+
53. gxf4+ Kd4 54. Ke2 Ke4 55. f3+ Kxf4 56. Kf2 h5 57. Ke2 Kg3 58. Ke3 f4+ 59.
Ke4 f6 0-1

[Event "PRO League Group Stage"]
[Site "chess.com INT"]
[Date "2020.01.27"]
[Round "4"]
[White "Guseinov, Gadir"]
[Black "Nyzhnyk, Illya"]
[Result "1-0"]
[WhiteTitle "GM"]
[BlackTitle "GM"]
[WhiteElo "2666"]
[BlackElo "2662"]
[WhiteTeam "New York Marshalls"]
[BlackTeam "Chicago Wind"]
[WhiteFideId "13401378"]
[BlackFideId "14118084"]
[EventDate "2020.01.06"]

1. e4 e6 2. d4 d5 3. Nd2 c5 4. Ngf3 cxd4 5. exd5 Qxd5 6. Bc4 Qd7 7. O-O Nc6 8.
Nb3 Nf6 9. Nbxd4 Nxd4 10. Nxd4 a6 11. Bg5 Ne4 12. Bh4 g5 13. Re1 b5 14. Bxe6
fxe6 15. Rxe4 gxh4 16. Rxe6+ Kd8 17. Qf3 Bb7 18. Qf6+ Kc7 19. Rd1 Bg7 20. Qf4+
Kc8 21. Rd6 Qe7 22. Qg4+ Kb8 23. Rd7 h5 24. Rxe7 hxg4 25. Rxg7 h3 26. g3 Ra7 27.
Rxg4 Bg2 28. f3 Rc7 29. c3 b4 30. cxb4 Rf8 31. Rf4 Re8 32. Kf2 Rc4 33. a3 Kb7
34. Re4 Rd8 35. Rd2 Rc1 36. Re7+ Kb6 37. Re6+ Kb7 38. Re1 Rc4 39. Re7+ Kb6 40.
Re6+ Kb7 41. Re4 Rc1 42. Re1 Rc4 43. Nb3 Rxd2+ 44. Nxd2 Rc2 45. Ke3 Rxb2 46. g4
Ra2 47. g5 Rxa3+ 48. Kf4 Rd3 49. Re2 Rd4+ 50. Kf5 Rd5+ 51. Kf6 Rd6+ 52. Kg7 Rb6
53. g6 Rxb4 54. Kh6 Rh4+ 55. Kg5 Rd4 56. g7 Rd8 57. Kh6 a5 58. Kh7 a4 59. g8=Q
Rxg8 60. Kxg8 a3 61. Re3 a2 62. Ra3 1-0

[Event "PRO League Group Stage"]
[Site "chess.com INT"]
[Date "2020.01.27"]
[Round "4"]
[White "Azarov, Sergei"]
[Black "Robson, Ray"]
[Result "0-1"]
[WhiteTitle "GM"]
[BlackTitle "GM"]
[WhiteElo "2597"]
[BlackElo "2673"]
[WhiteTeam "New York Marshalls"]
[BlackTeam "Chicago Wind"]
[WhiteFideId "13501470"]
[BlackFideId "2023970"]
[EventDate "2020.01.06"]

1. e4 e5 2. Nf3 Nc6 3. Bb5 Nf6 4. O-O Nxe4 5. Re1 Nd6 6. Nxe5 Be7 7. Bf1 Nxe5 8.
Rxe5 O-O 9. d4 Ne8 10. c4 Bf6 11. Re1 d5 12. cxd5 Qxd5 13. Be3 Bf5 14. Nc3 Qd8
15. Qf3 Nd6 16. Bf4 Bg6 17. Rad1 c6 18. d5 c5 19. Nb5 Nxb5 20. Bxb5 a6 21. Bf1
Bxb2 22. d6 b5 23. d7 Bd4 24. Bd6 Qf6 25. Qg3 Bf5 26. Rxd4 Qxd4 27. Be5 Qg4 28.
Qc3 Bxd7 29. Re3 f6 30. Bd6 Rfe8 31. Rg3 Qd4 32. Qb3+ Be6 33. Qf3 Qxd6 0-1

[Event "PRO League Group Stage"]
[Site "chess.com INT"]
[Date "2020.01.27"]
[Round "4"]
[White "Haria, Ravi"]
[Black "Bareev, Evgeny"]
[Result "1/2-1/2"]
[WhiteTitle "IM"]
[BlackTitle "GM"]
[WhiteElo "2450"]
[BlackElo "2638"]
[WhiteTeam "U.K. Lions"]
[BlackTeam "Canada Chessbrahs"]
[WhiteFideId "415820"]
[BlackFideId "4100140"]
[EventDate "2020.01.06"]

1. e4 e5 2. Nf3 Nf6 3. Nc3 Nc6 4. d4 exd4 5. Nxd4 Bb4 6. Nxc6 bxc6 7. Bd3 d5 8.
exd5 cxd5 9. O-O O-O 10. h3 h6 11. Qf3 c6 12. a3 Bd6 13. Bf4 Bxf4 14. Qxf4 Be6
15. Na4 Nd7 16. b4 a5 17. Qd6 axb4 18. axb4 Qf6 19. f4 Nb6 20. Qxc6 Qd4+ 21. Kh2
Rxa4 22. Rxa4 Bd7 23. b5 Qxd3 24. cxd3 Bxc6 25. Ra6 Bxb5 26. Rxb6 Bxd3 27. Ra1
h5 28. Kg3 g6 29. Ra3 Be4 30. Rd6 Kg7 31. Ra7 Kg8 32. Rdd7 Kg7 33. Kf2 Kf6 34.
g4 hxg4 35. hxg4 Kg7 36. g5 Bh1 37. Ke3 Be4 38. Kd4 Bf3 1/2-1/2

[Event "PRO League Group Stage"]
[Site "chess.com INT"]
[Date "2020.01.27"]
[Round "4"]
[White "Do Valle Cardoso, Lucas"]
[Black "Flores, Diego"]
[Result "1-0"]
[BlackTitle "GM"]
[WhiteElo "2228"]
[BlackElo "2599"]
[WhiteTeam "Brazil Capybaras"]
[BlackTeam "Argentina Krakens"]
[WhiteFideId "2163144"]
[BlackFideId "108049"]
[EventDate "2020.01.06"]

1. e4 c5 2. Nf3 e6 3. Nc3 a6 4. d4 cxd4 5. Nxd4 b5 6. Be3 Bb7 7. f3 Nf6 8. Qd2
Nc6 9. O-O-O Ne5 10. Kb1 Rc8 11. Qe1 Qc7 12. g4 b4 13. Nce2 Nxf3 14. Nxf3 Bxe4
15. Ned4 b3 16. axb3 Bxc2+ 17. Nxc2 Qxc2+ 18. Ka2 Bb4 19. Bd2 Bxd2 20. Rxd2 Qc7
21. Bc4 d5 22. Bd3 Rb8 23. g5 Nd7 24. Rc2 Qb6 25. Qc3 O-O 26. h4 Nc5 27. Ne5
Nxd3 28. Qxd3 Qd6 29. Nc6 Rb6 30. Rhc1 a5 31. Qd4 Rb7 32. h5 Qg3 33. h6 Qxb3+
34. Kb1 f5 35. gxf6 gxf6 36. Qg4+ Kh8 37. Qxe6 Qd3 38. Rg1 a4 39. Ne7 Rxb2+ 40.
Kxb2 Rb8+ 41. Kc1 Qa3+ 42. Kd2 Qb4+ 43. Ke2 Qb5+ 44. Kf2 1-0

[Event "PRO League Group Stage"]
[Site "chess.com INT"]
[Date "2020.01.27"]
[Round "4"]
[White "Obregon, Andres Carlos"]
[Black "Santiago, Yago De Moura"]
[Result "1/2-1/2"]
[WhiteTitle "GM"]
[BlackTitle "GM"]
[WhiteElo "2525"]
[BlackElo "2486"]
[WhiteTeam "Argentina Krakens"]
[BlackTeam "Brazil Capybaras"]
[WhiteFideId "111724"]
[BlackFideId "2103877"]
[EventDate "2020.01.06"]

1. d4 Nf6 2. Nf3 e6 3. c4 d5 4. Nc3 c6 5. e3 Nbd7 6. Qc2 Bd6 7. b3 O-O 8. Be2 e5
9. cxd5 cxd5 10. Nb5 Bb4+ 11. Bd2 Bxd2+ 12. Nxd2 a6 13. dxe5 Nxe5 14. Nd4 Bg4
15. N2f3 Rc8 16. Qb2 Bxf3 17. gxf3 Qb6 18. Rg1 Rfe8 19. Rb1 g6 20. Kf1 Qc7 21.
Kg2 Qd7 22. Rbd1 Nh5 23. h3 Ng7 24. f4 Nc6 25. Bg4 Qe7 26. Ne2 Rcd8 27. Kh2 Qe4
28. Nd4 Qe7 29. Nxc6 bxc6 30. b4 Rb8 31. a3 a5 32. Qc2 axb4 33. axb4 Rxb4 34.
Qxc6 d4 35. Rxd4 Rxd4 36. exd4 Rd8 37. Rd1 h5 38. Bf3 Qh4 39. Kg2 Qxf4 40. Qe4
Qf6 41. Qe5 Qxe5 42. dxe5 Rxd1 43. Bxd1 Kf8 44. Kf3 Ke7 45. Ke4 Ne6 46. f4 Nc5+
47. Kd4 Ne6+ 48. Ke4 Nc5+ 49. Kd4 Ne6+ 50. Ke4 1/2-1/2

[Event "PRO League Group Stage"]
[Site "chess.com INT"]
[Date "2020.01.27"]
[Round "4"]
[White "Bitelmajer, Martin"]
[Black "Fier, Alexandr"]
[Result "0-1"]
[WhiteTitle "IM"]
[BlackTitle "GM"]
[WhiteElo "2475"]
[BlackElo "2528"]
[WhiteTeam "Argentina Krakens"]
[BlackTeam "Brazil Capybaras"]
[WhiteFideId "111651"]
[BlackFideId "2107139"]
[EventDate "2020.01.06"]

1. d4 Nf6 2. c4 g6 3. g3 c5 4. d5 Bg7 5. Nc3 O-O 6. Bg2 e6 7. Nf3 exd5 8. cxd5
d6 9. O-O Re8 10. Bf4 Bf5 11. Nh4 Bg4 12. Qd2 b5 13. Rfe1 a6 14. a3 Nh5 15. Bg5
Qc7 16. h3 Bc8 17. e4 Nd7 18. g4 Nhf6 19. Qf4 h5 20. Nf3 hxg4 21. hxg4 Nh7 22.
Bh6 Ne5 23. Bxg7 Kxg7 24. Nxe5 Rxe5 25. Rac1 Bd7 26. b4 c4 27. Ne2 Rae8 28. Nd4
Qc8 29. Nf3 R5e7 30. g5 Bg4 31. Nd4 Re5 32. Re3 Bd7 33. Nf3 Qd8 34. Nxe5 dxe5
35. Qg3 Nxg5 36. f4 exf4 37. Qxf4 Qf6 38. Qxf6+ Kxf6 39. Rd1 Ke5 40. d6 f6 41.
Rd5+ Kf4 42. Re2 Kg4 43. Rd4 Re5 44. Rf2 Ne6 45. Rd5 Nf4 46. Rxe5 fxe5 47. Rd2
Nd3 48. Bf1 Kf3 49. Bxd3 Ke3 50. Rg2 cxd3 51. Rg3+ Ke2 52. Rg2+ Ke1 53. Rg3 d2
54. Re3+ Kd1 55. Kf2 Kc2 56. Re2 Kc1 0-1